000 00281nam a2200109Ia 4500
008 201217s9999 xx 000 0 und d
100 _aBayly, C A (Ed.)
245 3 _aAn illustratewd History of Modern India 1600 - 1947
260 _aBombay
_bPearson
300 _a431
942 _cBK
999 _c8150
_d8150